[Event "Katowice Springs 2018"]
[Site "Katowice"]
[Date "2018.05.09"]
[Round "4"]
[White "Frolov, Artur"]
[Black "Pacan-Milej, Kosma"]
[Result "1/2-1/2"]
[WhiteElo "2432"]
[BlackElo "2301"]
[Annotator "TA"]
[PlyCount "83"]
[EventDate "2018.??.??"]
[EventType "swiss"]
[EventCountry "POL"]
[SourceTitle "playchess.com"]
[Source "ChessBase"]
[SourceQuality "1"]

{[%evp 27,83,49,52,46,58,44,51,50,54,53,56,52,93,86,106,86,84,0,81,64,61,9,16,12,25,21,59,9,72,-94,-97,-94,-94,-94,-97,-91,-91,-90,-93,-103,-105,-113,-104,-105,-101,-125,-121,-190,-122,-190,-202,-206,-195,-181,0,-244,-253,-468]} 1. e4 c5 2. Nf3 d6 3. d4 Nf6 4. Nc3 cxd4 5. Nxd4 a6 6. Be3 e5 7. Nb3 Be6 8. Qd2 Nbd7 9. f3 h5 10. Nd5 {B90: Sicilian Najdorf: Unusual White 6th moves, 6 Be3 Ng4 and 6 Be3 e5} (10. O-O-O b5 11. Kb1 Be7 12. h4 O-O 13. Bg5 Rc8 14. a3 Qc7 15. g4 hxg4 16. fxg4 Nb6 17. Bxf6 Bxf6 18. g5 {½-½ (70) Yu,Y (2751)-Vachier Lagrave,M (2789) Riadh 2017}) 10... Bxd5 11. exd5 Qc7 12. c4 b6 13. Be2 g6 14. O-O Bg7 {LiveBook: 13 Games} 15. Rac1 {[%cal Ba1c1,Bc1c2,Bc2g2][%mdl 32]} O-O 16. h3 {[#]} Nc5 $146 ({Predecessor:} 16... Rfe8 17. Rfe1 Kh7 {½-½ (66) Kujala,A (2635)-Kukk,R (2584) ICCF email 2014}) 17. Nxc5 bxc5 18. Bd1 Rab8 19. Rc2 Kh7 20. g4 Qd7 21. Qh2 Kg8 22. g5 (22. Rg2 $16) 22... Nh7 (22... Ne8 $1 $11 {remains equal.}) 23. Rg2 Rfe8 24. Bc1 ({Better is} 24. Re2 $14) 24... e4 $11 {[%cal Be5e4,Be4e3][%mdl 32]} 25. f4 $1 Bd4+ 26. Kh1 Qf5 27. b3 Re7 (27... a5 $11) 28. Qg3 $2 {[#]} (28. Bc2 $16 {stays on course.}) 28... Nxg5 $1 $17 {[%mdl 512]} 29. Bxh5 (29. fxg5 Qxf1+) 29... e3 $1 {...Ne4 is the strong threat.} ({Don't play} 29... Qxh3+ $6 30. Qxh3 Nxh3 31. Bg4 $14) 30. Bg4 Qf6 31. Qh4 Ne4 $36 {[%mdl 2048] Black is in control.} 32. Qxf6 Nxf6 33. Bf3 a5 34. f5 Kh7 35. fxg6+ fxg6 36. Re1 Rbe8 37. Rge2 (37. Reg1 $17) 37... g5 (37... Re5 $19 38. Kg2 Kg7) 38. Kg2 (38. Bd2 $17) 38... Kg6 $19 39. Rf1 {[#]} Re5 $1 40. Kg3 {[#]} R5e7 $2 ({Black should play} 40... Ne4+ $1 $19 41. Bxe4+ Rxe4) 41. Bg4 $2 (41. Kg2 $1 $11) 41... Nxg4 42. hxg4 $2 {[%mdl 32768] Precision: White = 42%, Black = 58%. . An unexpected result.} (42. Kxg4 Re4+ 43. Kg3) 1/2-1/2

[Event "Katowice Springs 2018"]
[Site "Katowice"]
[Date "2018.05.09"]
[Round "4"]
[White "Shkuran, Danylo"]
[Black "Bakalarz, Mietek"]
[Result "1/2-1/2"]
[WhiteElo "2395"]
[BlackElo "2288"]
[Annotator "TA"]
[PlyCount "61"]
[EventDate "2018.??.??"]
[EventType "swiss"]
[EventCountry "POL"]
[SourceTitle "playchess.com"]
[Source "ChessBase"]
[SourceQuality "1"]

{[%evp 13,61,0,0,-5,8,-12,31,8,13,0,8,11,14,7,14,12,14,20,22,9,28,33,39,28,8,11,22,5,12,0,12,12,12,12,26,-5,-5,-5,-5,-9,4,5,4,0,21,22,16,2,34,0]} 1. e4 e5 2. Nf3 Nf6 3. Nc3 Nc6 4. Bb5 Nd4 5. Bc4 Bc5 6. d3 d6 7. h3 {C48: Four Knights: 4 Bb5, replies other than 4...Bb4} (7. Na4 b5 8. Nxd4 bxc4 9. Nf5 Bxf5 10. exf5 cxd3 11. Nxc5 dxc5 12. cxd3 Qd7 13. Qf3 O-O 14. O-O Rfd8 {½-½ (28) Wei,Y (2743)-Caruana,F (2811) Wijk aan Zee 2018}) 7... c6 {LiveBook: 16 Games} 8. a4 {[%cal Ba2a4,Ba4a5][%mdl 32]} Be6 9. O-O $146 {The position is equal.} ({Predecessor:} 9. Bxe6 Nxe6 10. O-O O-O 11. Ne2 a6 12. Ng3 h6 13. c3 b5 14. d4 exd4 15. cxd4 {0-1 (35) Al Hamed,S (1633)-Chirpii,A (1926) Iasi 2013}) 9... Qe7 10. a5 O-O 11. Bxe6 Nxf3+ 12. Qxf3 {[#] Threatens to win with Bb3.} fxe6 13. Qe2 b5 14. axb6 axb6 15. Be3 Bd4 16. Qd2 Nh5 17. Rxa8 Rxa8 18. Bxd4 exd4 19. Ne2 e5 20. Qb4 {Black should prevent Qc4+.} b5 21. c3 dxc3 (21... Ra4 $5 22. Qb3+ $8 Qf7 23. Qxf7+ Kxf7 $11) 22. Qxc3 Ra6 23. d4 Nf6 24. Ng3 exd4 25. Qxd4 Qe5 26. Qd3 d5 27. exd5 Nxd5 28. Rc1 g6 29. Qd2 Qf4 30. Qe1 {Black must now prevent Rxc6!} Kf7 31. b3 {Precision: White = 53%, Black = 25%.} 1/2-1/2

[Event "Katowice Springs 2018"]
[Site "Katowice"]
[Date "2018.05.09"]
[Round "4"]
[White "Molenda, Marcin"]
[Black "Piesik, Piotr"]
[Result "1/2-1/2"]
[WhiteElo "2383"]
[BlackElo "2372"]
[Annotator "TA"]
[PlyCount "60"]
[EventDate "2018.??.??"]
[EventType "swiss"]
[EventCountry "POL"]
[SourceTitle "playchess.com"]
[Source "ChessBase"]
[SourceQuality "1"]

{[%evp 19,60,-14,-14,-14,0,-5,-14,-17,0,0,0,-7,0,0,0,0,0,0,7,0,15,8,13,4,6,8,10,8,20,0,0,0,0,0,0,0,0,0,0,0,0,0,0]} 1. d4 d5 2. c4 dxc4 3. e3 e5 {[%cal Be7e5,Be5d4][%mdl 32]} 4. Bxc4 exd4 5. Nf3 Bb4+ 6. Bd2 {D20: Queen's Gambit Accepted: 3 e3 and 3 e4} Bxd2+ 7. Qxd2 Nc6 {[%cal Bb8c6,Bc6e7,Be7g6][%mdl 32]} 8. O-O Nf6 9. exd4 O-O 10. d5 Ne7 {[%cal Re7d5] LiveBook: 4 Games. The position is equal.} 11. Nc3 a6 12. a3 $146 ({Predecessor:} 12. a4 Ng6 13. Rfe1 {0-1 (55) Gorovets,A (2488)-Bregadze,L (2459) Burlingame 2015}) 12... Qd6 13. Rfe1 Ng6 14. h3 h6 15. Rad1 Bd7 16. Bd3 Rae8 17. Bxg6 fxg6 18. Qd4 g5 19. Ne5 {[%cal Bf3e5,Be5c4,Bc4e3][%mdl 32]} Bf5 20. Nc4 Qd7 21. Rxe8 Rxe8 22. Ne3 Bg6 23. Qb4 b5 24. d6 Re6 {[%cal Re6d6]} 25. dxc7 Qxc7 26. Qd4 Kh7 27. Ncd5 Nxd5 28. Qxd5 Rc6 29. Qd4 Rc1 30. Rxc1 Qxc1+ {Precision: White = 67%, Black = 77%.} 1/2-1/2

[Event "Katowice Springs 2018"]
[Site "Katowice"]
[Date "2018.05.09"]
[Round "4"]
[White "Teclaf, Pawel"]
[Black "Molchanov, Oleksii"]
[Result "1-0"]
[WhiteElo "2373"]
[BlackElo "2355"]
[Annotator "TA"]
[PlyCount "89"]
[EventDate "2018.??.??"]
[EventType "swiss"]
[EventCountry "POL"]
[SourceTitle "playchess.com"]
[Source "ChessBase"]
[SourceQuality "1"]

{[%evp 26,89,27,8,8,9,21,14,11,11,31,16,17,17,28,17,12,10,64,42,56,54,127,126,126,119,114,126,136,114,114,80,80,77,114,100,202,194,224,224,280,274,422,412,463,447,523,537,625,613,856,875,817,830,612,606,850,822,5439,937,29978,29980,29983,29984,29984,29985]} 1. e4 e5 2. Nf3 Nc6 3. Bb5 Nf6 4. O-O Nxe4 5. d4 Nd6 6. Bxc6 dxc6 7. dxe5 Nf5 8. Qxd8+ Kxd8 9. Nc3 Ke8 10. h3 h5 {C67: Ruy Lopez: Berlin Defence: 4 0-0 Nxe4} 11. Bf4 (11. Rd1 Be7 12. Ne2 Be6 13. Nf4 Bc8 14. Ne2 Be6 15. b3 a5 16. a4 Rd8 17. Bg5 Bd5 18. Bxe7 Kxe7 {1-0 (49) Vachier Lagrave,M (2793)-Nakamura,H (2781) Caleta 2018}) 11... Be7 12. Rad1 Be6 13. Ng5 Rh6 14. Rfe1 {LiveBook: 25 Games} Rd8 15. Rxd8+ Bxd8 16. Nxe6 Rxe6 $146 17. Ne4 b6 18. Kf1 h4 19. c3 $36 {[%mdl 2048] Black is under pressure.} c5 20. g4 hxg3 $1 21. fxg3 Be7 (21... Ne7 $11) 22. h4 g6 23. Kf2 Kd7 ({Black should play} 23... b5 $14) 24. Ng5 $16 Bxg5 25. Bxg5 {[%mdl 4096] Endgame KRB-KRN} Re8 26. g4 Ng7 27. Rh1 Ke6 28. Bh6 Rg8 29. Re1 Ne8 30. Kf3 c6 (30... Rh8 $16 31. Bg5 Kd5) 31. b3 $18 Nc7 32. Rd1 Ne8 33. Bf4 Ke7 (33... f6 {might work better.} 34. exf6 Kxf6) 34. Bg5+ Ke6 35. Kf4 b5 36. Rd8 f6 37. exf6 Rh8 {[#]} 38. h5 $1 {[%mdl 512]} gxh5 39. gxh5 a5 40. h6 {[%cal Bh5h6,Bh6h7][%mdl 32]} c4 41. bxc4 bxc4 {[#]} 42. a4 (42. h7 $142 $1 {[%mdl 512]} c5 (42... Rxh7 43. Rxe8+) 43. Ra8) 42... c5 {[#]} 43. h7 $1 {[%mdl 512] White mates.} Rf8 (43... Rxh7 44. Rxe8+) 44. Bh6 Rxf6+ 45. Ke3 {Precision: White = 73%, Black = 27%.} 1-0

[Event "Katowice Springs 2018"]
[Site "Katowice"]
[Date "2018.05.09"]
[Round "4"]
[White "Krzywda, Andrzej"]
[Black "Szustakowski, Antoni"]
[Result "1-0"]
[WhiteElo "2163"]
[BlackElo "2331"]
[Annotator "TA"]
[PlyCount "109"]
[EventDate "2018.??.??"]
[EventType "swiss"]
[EventCountry "POL"]
[SourceTitle "playchess.com"]
[Source "ChessBase"]
[SourceQuality "1"]

{[%evp 17,109,-19,0,0,0,0,22,41,40,33,163,161,156,160,335,335,320,223,284,54,55,60,50,50,54,58,53,0,43,0,14,10,84,79,81,85,129,117,188,194,171,198,237,255,254,249,248,238,279,271,349,185,175,170,552,544,540,535,481,533,502,427,420,420,381,175,174,162,224,160,190,0,145,8,8,8,8,8,8,8,29978,29979,29979,29980,29980,29981,29981,29982,29982,29983,29983,29984,29984,29985]} 1. e4 e6 2. d4 d5 3. Nc3 Bb4 4. e5 Ne7 5. a3 Bxc3+ 6. bxc3 c5 7. Qg4 cxd4 8. Bd3 {C18: French: 3 Nc3 Bb4: Main line: 7 h4 and 7 Qg4} (8. Qxg7 Rg8 9. Qxh7 Qc7 10. Ne2 Nbc6 11. f4 dxc3 12. Nxc3 Nd4 13. Bb2 Bd7 14. O-O-O Qb6 15. Qd3 Ndf5 16. Rd2 Rc8 17. g3 Ne3 18. Ne4 Rxc2+ 19. Rxc2 dxe4 20. Qxe4 Nxc2 21. Qxc2 {½-½ (31) Giri,A (2752)-Carlsen,M (2834) Wijk aan Zee 2018}) 8... Qa5 9. Ne2 O-O {LiveBook: 38 Games} 10. Bh6 {[%csl Gh6][%cal Rg4g7] The position is equal.} Ng6 11. h4 $1 {[%cal Rh4h5] Strongly threatening h5.} Nc6 (11... dxc3 $2 12. h5 $18) 12. f4 {Black must now prevent h5.} gxh6 13. h5 Nce7 (13... f5 14. Qg3 $15) ({Better is} 13... Qc7 $14) 14. hxg6 $18 fxg6 15. Rxh6 {[%cal Rd3g6]} Rf7 $2 (15... dxc3 16. Bxg6 $1 {[%mdl 512]} Nxg6 17. Rxg6+ Kh8 18. Rg7 $18) (15... Qc7 $16) 16. Kf2 $1 Qc7 $146 (16... dxc3 17. Rah1 $18) ({Predecessor:} 16... dxc3 17. Rah1 Qc5+ 18. Ke1 Rg7 19. Qh4 {1-0 (19) Nikolic-Kuszewski,S corr 1982}) 17. cxd4 Nf5 {[#]} 18. Bxf5 $2 ({White must play} 18. Rxg6+ $1 $18 {[%mdl 512]} hxg6 19. Qxg6+ Kh8 20. Rh1+ (20. g4 Qe7 $16) 20... Rh7 21. Qe8+ Kg7 22. Rxh7+ Kxh7 23. g4) 18... exf5 $14 19. Qh4 Be6 20. Rh1 Rg7 $1 21. Rh3 Rc8 22. Qf6 $36 {[%mdl 2048] Black is under pressure.} (22. Rc3 $14 Qd7 23. Qg3) 22... Qd7 23. c3 Rc6 24. Ng1 g5 (24... Bf7 $11 {keeps the balance.}) 25. Re3 $1 $16 {[%cal Bh3e3,Be3e1,Be1h1][%mdl 32] aiming for Nh3.} gxf4 26. Re1 Rf7 27. Qh4 Qe7 (27... Rxc3 $16 28. Ne2 Rc2) 28. Qxe7 $18 Rxe7 29. Ne2 Kg7 30. Reh1 Bg8 31. Rxc6 bxc6 {[%mdl 4096] Endgame KRB-KRN} 32. Rb1 ({Don't take} 32. Nxf4 $6 Rb7 $16) 32... Rc7 33. Nxf4 c5 34. dxc5 (34. c4 $142) 34... Rxc5 35. Rb7+ Kf8 $2 (35... Kh6 {is tougher.} 36. Ne2 (36. Rxa7 Rxc3 37. Ra8 Rc2+ 38. Kg3 Rc3+ 39. Kf2 Rc2+ 40. Kg3 Rc3+ 41. Kf2 $16) 36... Ra5) 36. e6 Rc8 37. Rxa7 Re8 38. Ra6 Kg7 39. Nxd5 Rxe6 40. Rxe6 Bxe6 {KB-KN} 41. Nf4 (41. Nb6 $142) 41... Bb3 42. Ke3 Kf6 43. Nd3 Bd5 44. Nf4 $2 (44. g3 $18) 44... Bc6 {[#]} (44... Bb3 $1 $11) 45. Kd4 (45. c4 $1 $16) 45... Kg5 $11 46. Ke5 h5 47. c4 h4 48. c5 Bxg2 $2 {[%mdl 8192]} (48... Kg4 $11) 49. Nxg2 {KN-KPP. White mates.} h3 {[#]} 50. Nf4 $1 ({Worse is} 50. Ne1 Kg4 $11) 50... h2 51. Nh3+ Kg4 52. Nf2+ Kg3 53. Nh1+ Kg2 54. c6 {[%cal Bc5c6,Bc6c7][%mdl 32]} Kxh1 55. c7 {Precision: White = 63%, Black = 31%.} 1-0

[Event "Katowice Springs 2018"]
[Site "Katowice"]
[Date "2018.05.09"]
[Round "5"]
[White "Piesik, Piotr"]
[Black "Shkuran, Danylo"]
[Result "1-0"]
[WhiteElo "2372"]
[BlackElo "2395"]
[Annotator "TA"]
[PlyCount "115"]
[EventDate "2018.??.??"]
[EventType "swiss"]
[EventCountry "POL"]
[SourceTitle "playchess.com"]
[Source "ChessBase"]
[SourceQuality "1"]

{[%evp 22,115,21,19,25,20,29,34,58,63,85,67,80,51,49,45,45,42,47,33,52,19,25,36,61,53,54,0,0,0,0,0,0,-2,0,-47,-35,-48,-18,-9,17,17,20,0,61,58,71,71,71,71,71,51,87,85,79,26,39,36,54,32,48,27,28,39,57,66,100,98,110,9,9,9,11,8,0,2,8,0,0,0,0,0,318,20,584,512,1119,1065,1359,1775,11929,6185,6531,6185,29981,29982]} 1. Nf3 d5 2. g3 Nf6 3. Bg2 c6 4. O-O Bg4 5. d3 Nbd7 6. Nbd2 e5 7. e4 dxe4 8. dxe4 Be7 9. h3 {A07: Réti Opening: New York and Capablanca Systems} (9. c3 O-O 10. h3 Bh5 11. Qc2 Re8 12. Re1 Qc7 13. Nh4 Nc5 14. Nb3 Rad8 15. Be3 Nfd7 16. Nf5 Bf8 {1-0 (47) Mamedyarov,S (2757)-Tomashevsky,E (2714) Sochi 2014}) 9... Bxf3 10. Qxf3 O-O 11. a4 Qc7 12. Nc4 {LiveBook: 3 Games} Nc5 13. Qe2 {[#]} Rfe8 $146 ({Predecessor:} 13... Ne6 14. c3 Rad8 15. b4 b5 16. Ne3 a5 17. axb5 axb4 18. bxc6 Qxc6 {1-0 (40) Hillarp Persson,T (2507)-Hector,J (2505) Gentofte 1999}) 14. b4 Ncd7 15. Bd2 Bf8 16. Ne3 g6 17. Qc4 Rad8 18. Rfd1 Nb6 19. Qb3 Bh6 20. a5 Nc8 21. Nd5 cxd5 22. Bxh6 {[%cal Re4d5]} d4 23. Bg5 Kg7 $1 24. c3 (24. Qf3 $14 Rd6 25. Rac1) 24... Qxc3 $11 25. Qxc3 dxc3 26. Rxd8 Rxd8 27. Rc1 Rd4 28. Rxc3 (28. f4 $5 {[%cal Rf4e5]} Nxe4 29. Bxe4 Rxe4 30. Rxc3 $11) 28... Nd6 29. Rb3 Rd1+ 30. Kh2 Nb5 31. Be3 a6 32. f4 Nd7 (32... Nd4 $11 33. Rc3 Nc6) 33. Bf3 $14 Rd6 34. Be2 Nd4 35. Rd3 f6 36. Kg2 Kf7 37. Bxd4 exd4 $16 {[%mdl 4096] Endgame KRB-KRN} 38. Rd2 (38. Bd1 $16) 38... Ke7 $11 39. Bc4 Nb8 $1 40. Bd5 Nc6 41. Bxc6 (41. Rb2 {keeps more tension.} Kd7 42. Kf3 Kc7 43. Ke2 Ne7 44. Bc4) 41... Rxc6 42. Rxd4 $14 {KR-KR} Rc2+ 43. Kf3 h5 44. e5 Rc3+ 45. Kf2 (45. Ke4 $1 $16) 45... fxe5 $11 46. fxe5 Rb3 $1 47. h4 Ke6 48. Rd6+ Kxe5 49. Rxg6 {Threatens to win with Rb6.} Rxb4 50. Rg5+ Ke4 51. Rxh5 {Black must now prevent Kg2.} b6 $2 {[%mdl 8192] [#]} (51... Rb2+ $11 {and Black is okay.} 52. Ke1 Kf3) 52. axb6 $2 (52. Kg2 $1 $18) 52... Rxb6 $2 {[%mdl 8192] [#]} (52... Rb2+ $11 53. Ke1 Kf3) 53. Kg2 $1 $18 Rb2+ (53... Rb5 $142 54. Rh7 a5) 54. Kh3 Ra2 55. Rg5 a5 56. h5 {[%cal Bh4h5,Bh5h6][%mdl 32]} Ra1 57. Kg4 a4 58. h6 {Precision: White = 54%, Black = 40%.} 1-0

[Event "Katowice Springs 2018"]
[Site "Katowice"]
[Date "2018.05.09"]
[Round "5"]
[White "Molchanov, Oleksii"]
[Black "Krzywda, Andrzej"]
[Result "0-1"]
[WhiteElo "2355"]
[BlackElo "2163"]
[Annotator "TA"]
[PlyCount "118"]
[EventDate "2018.??.??"]
[EventType "swiss"]
[EventCountry "POL"]
[SourceTitle "playchess.com"]
[Source "ChessBase"]
[SourceQuality "1"]

{[%evp 26,118,69,63,87,56,121,113,115,116,116,137,129,117,99,126,93,111,118,-8,-22,-30,0,0,-26,-113,-63,-87,-83,-72,-31,-39,-27,-28,0,-8,0,0,0,-44,-49,-39,0,-160,-112,-328,-290,-370,-370,-372,-371,-363,-356,-318,-343,-420,-419,-500,-498,-452,-335,-643,-646,-595,-595,-641,-435,-629,-644,-695,-689,-696,-660,-660,-653,-935,-853,-1360,-1315,-12813,-11751,-5017,-4267,-5021,-1390,-1262,-1227,-29985,-29986,-29986,-29986,-29994,-29994,-29994,-730]} 1. Nf3 Nf6 2. c4 c5 3. Nc3 e6 4. g3 b6 5. Bg2 Bb7 6. O-O Be7 7. Re1 d6 8. e4 a6 9. d4 cxd4 10. Nxd4 Qc7 11. Be3 {[%cal Bc1e3,Be3f2,Bf2d4][%mdl 32]} Nbd7 12. Rc1 Rc8 {A30: Symmetrical English: Double Fianchetto and Hedgehog} 13. f4 Qb8 14. g4 {[%cal Bg3g4,Bg4g5][%mdl 32] LiveBook: 3 Games} Qa8 {[%cal Rf6e4] White is slightly better.} (14... h5 15. g5 Ng4 16. g6 Rxc4 17. gxf7+ Kxf7 18. Bf1 Nxe3 19. Rxe3 Rxd4 20. Qxd4 b5 21. Rg3 Bf6 22. e5 Bd8 23. Ne4 Bb6 {0-1 (23) Ding,L (2774)-Carlsen,M (2837) Saint Louis 2017}) 15. Bf2 g6 {[#]} (15... h6 $14) 16. Nd5 $1 $16 (16. g5 $6 Nh5 $11) 16... exd5 17. exd5 Kf8 18. g5 {[%mdl 1024] White has strong compensation.} (18. Qe2 $6 Re8 $11) 18... Nh5 19. Nf5 $146 (19. Qe2 $6 Re8 $11) ({Predecessor:} 19. Nc6 Bxc6 {1-0 (35) Leniart,A (2442)-Soltanici,R (2373) Bucharest 2011}) 19... Re8 20. Bd4 ({Reject} 20. Rxe7 $6 Rxe7 21. Qd4 (21. Nxe7 Kxe7 22. Bh3 Re8 $11) 21... Rg8 $11) 20... Rg8 21. Nh6 ({Of course not} 21. Nxe7 $6 Rxe7 22. Rxe7 Kxe7 $11) 21... Qd8 22. Nxg8 (22. Qf3 $16) 22... Kxg8 $11 23. Qf3 Bf8 24. Rxe8 $1 Qxe8 25. f5 (25. b4 $11 {keeps the balance.}) 25... Ng7 26. f6 Nf5 27. Bf2 Qe5 28. Rb1 $1 h6 $36 {[%mdl 2048] Black has some pressure.} 29. h4 b5 30. cxb5 hxg5 31. hxg5 axb5 {aiming for ...Nc5.} 32. b4 Nd4 33. Qg4 Nf5 {...Ne3 is the strong threat.} 34. Re1 $2 (34. Qf3 $1 $11) 34... Qc3 $17 {Strongly threatening ...Ne5.} 35. Rd1 $2 (35. Re8 $17) 35... Qb2 36. Qe4 Ne5 37. Bd4 Nxd4 38. Qxd4 Qe2 ({Much less strong is} 38... Qxa2 39. Rc1 $19) 39. Rf1 Qxa2 40. Re1 Bc8 41. Qc3 Bf5 42. Qd4 Bh3 {[%csl Gh3][%cal Ra2g2]} 43. Qe4 $2 (43. Qf2 Qxf2+ 44. Kxf2 Nd3+ 45. Ke3 Nxe1 46. Bxh3) 43... Bxg2 $19 44. Qxg2 Qb3 45. Re4 Qxd5 46. Kh2 (46. Qe2 $142) 46... Qd1 47. Qe2 Qc1 48. Qg2 Qc3 49. Rf4 Qe3 50. Rf1 {[#]} d5 $1 {[%cal Bd6d5,Bd5d4][%mdl 32]} 51. Kh1 (51. Qxd5 Ng4+) 51... d4 52. Ra1 Nf3 53. Qg3 Qe4 54. Ra3 Nxg5+ (54... d3 $142 55. Ra2 d2 56. Rxd2 Nxd2+ 57. Qg2 Nf3 58. Qf2 Bxb4 59. Kg2 Nh4+ 60. Kh3 Bd6 61. Qg3 Bxg3 62. Kxg3 Qd4 63. Kh3 Qf2 64. Kg4 Nf5 65. Kh3 Qg3#) 55. Kg1 Ne6 56. Rd3 Nf4 {Black mates.} 57. Qf3 Qxd3 58. Qb7 Qg3+ 59. Kh1 {[#]} Qg2+ $1 {Precision: White = 43%, Black = 61%.} 0-1

[Event "Katowice Springs 2018"]
[Site "Katowice"]
[Date "2018.05.09"]
[Round "5"]
[White "Szustakowski, Antoni"]
[Black "Molenda, Marcin"]
[Result "0-1"]
[WhiteElo "2331"]
[BlackElo "2383"]
[Annotator "TA"]
[PlyCount "72"]
[EventDate "2018.??.??"]
[EventType "swiss"]
[EventCountry "POL"]
[SourceTitle "playchess.com"]
[Source "ChessBase"]
[SourceQuality "1"]

{[%evp 9,72,0,0,-64,-39,-33,-20,-67,-34,-38,-38,-58,-56,-112,-129,-120,-112,-127,-123,-139,-143,-134,-137,-135,-120,-125,-117,-118,-108,-118,-118,-116,-116,-109,-106,-106,-107,-115,-114,-145,-152,-145,-151,-170,-173,-202,-185,-212,-200,-243,-253,-301,-301,-301,-301,-301,-277,-391,-382,-366,-366,-467,-483,-547,-552]} 1. d4 d5 2. c4 dxc4 3. e4 Nc6 4. Nf3 Bg4 5. Be3 e6 {LiveBook: 18 Games} (5... Bxf3 6. gxf3 e6 7. Nc3 Qf6 8. Qa4 Bb4 9. O-O-O Nge7 10. Bxc4 O-O-O 11. h4 Bxc3 12. bxc3 Qxf3 13. Qc2 {1-0 (33) Anton Guijarro,D (2630)-Banusz,T (2613) Monzon 2016}) 6. h3 {D20: Queen's Gambit Accepted: 3 e3 and 3 e4} ({White should try} 6. Nc3 $11) 6... Bxf3 $146 ({Predecessor:} 6... Bb4+ 7. Nc3 Bxf3 8. gxf3 b5 9. a4 bxa4 10. Qxa4 Bxc3+ 11. bxc3 Nge7 12. Bxc4 O-O 13. Rg1 {1-0 (27) Niemela,T-Koistinen,T Vantaa 1991}) 7. gxf3 Qf6 {[#] ...0-0-0 is the strong threat.} 8. e5 {The position is equal.} Qg6 9. Nc3 Nge7 10. Qa4 Nd5 $1 {[%cal Rd5b6] Hoping for ...Nb6.} 11. Nxd5 (11. Qxc4 $15 Bb4 12. O-O-O) 11... exd5 $17 12. O-O-O {[#]} a6 $1 $36 {[%mdl 2048] Black has strong initiative.} 13. Be2 b5 14. Qc2 Nb4 {[%csl Gb4][%cal Rg6c2]} 15. Qxg6 hxg6 ({Inferior is} 15... fxg6 16. Kb1 $11) 16. Kb1 Nc6 17. f4 Rh4 18. Bf3 Ne7 19. f5 gxf5 20. Bg5 Rh7 21. Bxe7 Bxe7 22. Bxd5 Rd8 23. Bc6+ Kf8 24. d5 Rh4 25. Rhe1 g6 26. Re3 Bc5 27. Rf3 Ke7 28. Kc2 b4 29. b3 c3 30. Rfd3 Rf4 ({But not} 30... Bxf2 31. d6+ cxd6 32. exd6+ Kf6 33. d7 $19) 31. f3 Rh4 32. Rh1 a5 33. Kb1 (33. a4 {keeps fighting.}) 33... Bd4 $19 34. Re1 Rdh8 35. e6 f6 36. Rh1 Bc5 {Precision: White = 29%, Black = 87%.} 0-1

[Event "Katowice Springs 2018"]
[Site "Katowice"]
[Date "2018.05.09"]
[Round "5"]
[White "Pacan-Milej, Kosma"]
[Black "Teclaf, Pawel"]
[Result "1/2-1/2"]
[WhiteElo "2301"]
[BlackElo "2373"]
[Annotator "TA"]
[PlyCount "94"]
[EventDate "2018.??.??"]
[EventType "swiss"]
[EventCountry "POL"]
[SourceTitle "playchess.com"]
[Source "ChessBase"]
[SourceQuality "1"]

{[%evp 23,94,0,20,16,18,0,1,0,0,0,0,0,0,0,0,-16,0,3,21,15,27,20,29,27,32,8,13,22,21,12,14,0,15,13,52,42,42,41,87,86,86,59,53,56,54,14,14,14,14,0,86,14,83,83,83,83,83,83,132,35,101,0,0,0,0,0,0,0,0,0,0,0,0]} 1. e4 c5 2. Nf3 d6 3. d4 cxd4 4. Qxd4 Nf6 5. Bb5+ Nbd7 6. O-O e5 7. Qd3 h6 8. c4 Be7 9. Nc3 a6 10. Bxd7+ Bxd7 11. Rd1 {B51: Sicilian: Moscow Variation (3 Bb5+) without 3...Bd7} (11. a4 O-O 12. b3 Be6 13. Be3 Ng4 14. Rfd1 Nxe3 15. Qxe3 Rc8 16. Nxe5 Bg5 17. f4 Bxf4 18. Qxf4 dxe5 19. Rxd8 exf4 20. Rxc8 Rxc8 {½-½ (32) Anand,V (2779)-Topalov,V (2760) Saint Louis 2016}) 11... O-O 12. c5 dxc5 {LiveBook: 6 Games} 13. Nxe5 Be6 $1 14. Qg3 Qb8 $146 ({Predecessor:} 14... Qc7 15. Ng6 Rfc8 16. Bf4 {1-0 (16) Fischer,M (2141)-Kordts,W (2122) Bayern 2007}) 15. Bf4 {Threatens to win with Nc6!} ({But not} 15. Bxh6 Nh5 $17) 15... Nh5 16. Nc6 bxc6 17. Bxb8 Nxg3 18. Bxg3 Rfd8 19. f3 Rd4 20. Be5 Rb4 21. Ne2 f6 22. Bc3 Rb7 23. Ng3 Rd8 24. Rxd8+ Bxd8 25. Rd1 Bc7 26. a3 Kf7 27. Nf5 Bxf5 28. exf5 $11 {[%mdl 4096] Endgame KRB-KRB} Ke7 29. Re1+ Kd7 30. Re4 Bd6 31. Rg4 Ke8 32. g3 Be5 33. Bxe5 fxe5 $14 {KR-KR} 34. Rg6 Rxb2 35. Rxc6 Rc2 36. Rxa6 Kf7 (36... c4 $11 {remains equal.}) 37. Re6 (37. a4 $16) 37... Rc3 (37... c4 $11) 38. Kg2 $16 Rxa3 39. Rxe5 Ra2+ 40. Kh3 $1 Rf2 {[#]} 41. f4 ({Better is} 41. Re3 $1 $16) 41... Rc2 {[#]} (41... h5 $14) 42. Re6 ({White should play} 42. g4 $1 $16) 42... h5 $11 {The position is equal.} 43. Rc6 c4 44. Re6 Rd2 45. Rc6 Rc2 46. Rb6 Rd2 47. Rc6 Rc2 {Precision: White = 59%, Black = 53%.} 1/2-1/2